| 000 | 01026nam a22002177a 4500 | ||
|---|---|---|---|
| 003 | OSt | ||
| 005 | 20260310082002.0 | ||
| 008 | 260310b |||||||| |||| 00| 0 eng d | ||
| 020 | _a0448095467 | ||
| 040 |
_aDWCL GS lib _cOC |
||
| 082 | _aFic. K26i 1997 | ||
| 100 | _aKeene Carolyn | ||
| 245 |
_aThe Invisible Intruder _cCarolyn Keene |
||
| 260 |
_aNew York _bCarolyn Keene _c1969 |
||
| 300 |
_aExtent- vii, 175 pages: _billustrations _c20cm |
||
| 520 | _afollows Nancy as she investigates a "ghost-hunting" tour targeting alleged, supernatural hauntings. | ||
| 650 | _arefers to several distinct concepts based on the provided search results, primarily focusing on a Forensic Files episode (Season 4, Episode 1) about a staged crime scene, a Nancy Drew mystery novel, and a metaphor for the impact of addiction on family life | ||
| 650 | _athe story centers on deconstructing fear, questioning supernatural appearances, and using critical thinking to uncover the truth. | ||
| 700 | _aCarolyn Keene | ||
| 942 |
_2ddc _cFIC. _n0 |
||
| 999 |
_c8884 _d8884 |
||